| 000 | 00879na a2200253 4500 | ||
|---|---|---|---|
| 001 | 15419 | ||
| 003 | MIRAKIL | ||
| 005 | 20181213154846.0 | ||
| 008 | 161019b tu 000 0 | ||
| 035 | _a14074 | ||
| 040 |
_aMilas _btur _cTR-AnCHP |
||
| 041 | _atur | ||
| 082 |
_a616.203 _bK96 2010 |
||
| 090 | _a616.203 K96 2010 | ||
| 245 |
_aKüresel sermaye ve domuz gribi raporu _cUluslararası Hak İhlalleri İzleme Merkezi (UHİM) |
||
| 260 |
_aİstanbul _bUHİM _c2010 |
||
| 300 |
_a22 s. _bres. _c27 sm. |
||
| 610 |
_aDünya Sağlık Örgütü _xRaporlar |
||
| 610 |
_aUluslararası Hak İhlalleri İzleme Merkezi (UHİM) _xKüresel sermaye _yRaporlar |
||
| 610 |
_aUluslararası Hak İhlalleri İzleme Merkezi (UHİM) _xRaporlar _yDomuz gribi |
||
| 650 |
_aSerbest ticaret _xAnlaşmalar _zKuzey Amerika |
||
| 650 |
_aSalgın hastalıklar _xDomuz gribi |
||
| 942 |
_2ddc _cBKS |
||
| 999 |
_c2115 _d2115 |
||